00712nam a2200145Ia 4500008004100000020001800041100002700059245010800086260003900194650016100233650001600394856004400410999001900454952009300473171212s9999 xx 000 0 und d a9780874214093 aSchroeder, Christopher cSchroeder, ChristopheraReinventing The UniversitybLiteracies and Legitimacy in the Postmodern Academy bUniversity Press of Coloradoc2001 aEducation, Higher -- United States -- Curricula; Postmodernism and education -- United States; Student participation in curriculum planning -- United States aLinguistics uhttp://www.jstor.org/stable/j.ctt46nz3f c353162d353162 001040aCLbCLd2017-12-12l0oLB2361.5 .S38 2001r2017-12-12 00:00:00w2017-12-12yCBE